Movies Quiz

Random Movies or Director Quiz

Wes Craven Movies Quiz Stats

 Plays Quiz Updated Aug 31, 2015

Score 0/22 Timer 06:00
2 Plays Today
Year Movie % Correct
1984A Nightmare on Elm Street
87.2%
1996Scream
79.6%
1997Scream 2
75.2%
2000Scream 3
74.2%
1994Wes Craven's New Nightmare
42.6%
1972The Last House on the Left
42.5%
1977The Hills Have Eyes
36%
2011Scream 4
32.1%
2010My Soul to Take
24.7%
1985The Hills Have Eyes Part II
20.9%
1991The People Under the Stairs
20.7%
Year Movie % Correct
2005Red Eye
20.1%
1989Shocker
16.8%
1988The Serpent and the Rainbow
15%
2005Cursed
15%
1999Music of the Heart
13.3%
1982Swamp Thing
11.6%
1995Vampire in Brooklyn
10.5%
1986Deadly Friend
9.3%
1981Deadly Blessing
8%
2006Paris, je t'aime
6.2%
1978The Evolution of Snuff
2.7%

You're not logged in!

Compare scores with friends on all Sporcle quizzes.
OR
Log In

Sporcle TV

Today on Sporcle TV


Watch our educational content, quiz creation guides, and fun videos on Sporcle TV.

Show Comments

Extras

Top Quizzes Today


Score Distribution

Your Account Isn't Verified!

In order to create a playlist on Sporcle, you need to verify the email address you used during registration. Go to your Sporcle Settings to finish the process.

Report this User

Report this user for behavior that violates our Community Guidelines.

Details: